Normal view
MARC view
- Copy editing
Entry Topical Term
001 - CONTROL NUMBER
- control field: 14556
003 - CONTROL NUMBER IDENTIFIER
- control field: OSt
005 - DATE AND TIME OF LATEST TRANSACTION
- control field: 20250730115321.0
008 - FIXED-LENGTH DATA ELEMENTS
- fixed length control field: 250730|| aca||aabn | a|a d
040 ## - CATALOGING SOURCE
- Original cataloging agency: OSt
- Transcribing agency: OSt
150 ## - HEADING--TOPICAL TERM
- Topical term or geographic name entry element: Copy editing
670 ## - SOURCE DATA FOUND
- Source citation: Work cat.: (OSt)5747: Brooks, Brian S. 13200, The art of editing in the age of convergence /, c2009.